Pedagogía de la comprensión / (Record no. 22771)
[ view plain ]
| 000 -LEADER | |
|---|---|
| campo de control de longitud fija | 00486nam a2200181 i 4500 |
| 001 - NÚMERO DE CONTROL | |
| campo de control | 22771 |
| 003 - IDENTIFICADOR DE NÚMERO DE CONTROL | |
| campo de control | ES-MaACL |
| 005 - FECHA Y HORA DE LA ÚLTIMA TRANSACCIÓN | |
| campo de control | 20230906152744.0 |
| 007 - CAMPO FIJO DE DESCRIPCIÓN FÍSICA--INFORMACIÓN GENERAL | |
| campo de control de longitud fija | t| |
| 008 - DATOS DE LONGITUD FIJA--INFORMACIÓN GENERAL | |
| campo de control de longitud fija | 021204s1961 sp ||||1| spa d |
| 100 1# - ENTRADA PRINCIPAL--NOMBRE DE PERSONA | |
| Nombre de persona | Alonso Schoekel, Luis. |
| 9 (RLIN) | 181472 |
| 245 10 - MENCIÓN DEL TÍTULO | |
| Título | Pedagogía de la comprensión / |
| Mención de responsabilidad, etc. | Luis Alonso Schoekel. |
| 250 ## - MENCION DE EDICION | |
| Mención de edición | 2ª ed. |
| 260 ## - PUBLICACIÓN, DISTRIBUCIÓN, ETC. | |
| Lugar de publicación, distribución, etc. | Barcelona : |
| Nombre del editor, distribuidor, etc. | Flors, |
| Fecha de publicación, distribución, etc. | 1961. |
| 300 ## - DESCRIPCIÓN FÍSICA | |
| Extensión | X, 281 p. ; |
| Dimensiones | 19 cm. |
| 852 ## - LOCALIZACIÓN | |
| Ubicación | ES-MaACL |
| Número de control de estantería | C-19547 |
| Sublocalización o colección | R.47287 |
| Estatus retirado | Estado de pérdida | Estado de daño | No para préstamo | Biblioteca de origen | Biblioteca actual | Ubicación en estantería | Fecha de adquisición | Fuente de adquisición | Total de préstamos | Signatura topográfica completa | Código de barras | Visto por última vez | Precio de reemplazo | Tipo de ítem Koha |
|---|---|---|---|---|---|---|---|---|---|---|---|---|---|---|
| Biblioteca del Ateneo de Madrid | Biblioteca del Ateneo de Madrid | Galería | 17/01/2008 | C-19547 | 1023448 | 23/02/2023 | 23/02/2023 | Libro impreso |
